000 01609nam0a2200349 4500
001 RU\NLR\bibl\1310749
005 20250615154000.0
010 _a978-5-94617-124-3
_9500
021 _aRU
_b2008-87679
_95119
035 _a(NLR Aleph) 001296204
090 _a590281
_c590281
100 _a20081222d2008 |||y0rusy50 ca
101 0 _arus
102 _aRU
105 _aa |||||||||
200 1 _aЭкономический механизм развития сельскохозяйственного производства
_fД.В. Ходос
_gМ-во сел. хоз-ва Рос. Федерации, Краснояр. гос. аграр. ун-т
210 _aКрасноярск
_cИзд-во Красноярского государственного аграрного университета
_d2008
215 _a233 с.
_cил.
_d21
300 _aНа 4-й с. обл. авт.: Ходос Д.В., к.э.н., доц.
320 _aБиблиогр.: с. 204-222 (253 назв.)
606 1 _aАгропромышленные комплексы
_xЭкономика
_yРоссийская Федерация
_92267181
_3RU\NLR\auth\661359020
606 1 _aАгропромышленные комплексы
_yКрасноярский край
_92245934
_3RU\NLR\auth\661347407
686 _aУ32(2)-434(2Р)
686 _aУ32(2)-434(2Р-4Кра)
700 1 _aХодос
_bД. В.
_gДмитрий Васильевич
_4070
801 0 _aRU
_bNLR
_c20081222
_gRCR
801 1 _aRU
_bNLR
_c20081222
830 _aавт. по кн.
942 _cBOOK
980 _aNB
980 _aNBR